| 000 | 00694nam a2200181 i 4500 | ||
|---|---|---|---|
| 001 | 147549 | ||
| 003 | ES-MaACL | ||
| 005 | 20230906202059.0 | ||
| 007 | t| | ||
| 008 | 071003s1933 sp ||||1| cat d | ||
| 110 | 0 | 0 |
_aUniversidad Autónoma de Barcelona. _bFacultad de Ciencias. _97058 |
| 245 | 1 | 0 |
_aOrganitzacio _b: regim d'estudi : Programa de curso per l'an 1933-1934 / _cUniversidad Autonoma de Barcelona. Facultat de Ciencies. |
| 260 |
_aBarcelona : _b[s.n.], _c1933 ( _fImp. Mallorca) |
||
| 300 |
_a89 p. ; _c21 cm. |
||
| 610 | 2 |
_aUniversidad Autónoma de Barcelona- _vProgramas de estudios. _9160589 |
|
| 650 |
_aEnseñanza superior- _zBarcelona. _9160587 |
||
| 852 |
_aES-MaACL _jA-1832 |
||
| 999 |
_c147549 _d147549 |
||